00352nam a22001217a 4500008004100000082002000041100001700061245006900078260004700147300000900194942001200203999001500215230626b xxu||||| |||| 00| 0 eng d a330.9bWAL 1981 cTony Killick aPapers on the Kenyan EconomybPerformance, Problems and Policies aNairobibHeinemann Educational Booksc1981 a373p 2ddccBK c2657d2657